<O >Flautista de Hamelin (Registo nº 31556)

Detalhes MARC
000 -Etiqueta do registo
Valores 00440nam a2200193 4500
090 ## -
-- 31556
100 ## - Dados gerais de processamento
Dados gerais 20120126d c 0pory5003 ba
101 ## - Língua de publicação
-- por
102 ## - País de publicação
-- PT
105 ## -
-- a zz 000fy
200 1# - Titulo e menção de responsabilidade
Título próprio <O >Flautista de Hamelin
210 ## - Publicação
Local de publicação Amadora
Nome do editor Francisco Más Lda.
Data de publicação s.d.
215 ## - Descrição física 
Paginação / Volumes [6] p.
Dimensões 17 cm
225 2# - Colecção 
Título próprio da colecção Sol
Indicação de volume 4
675 ## - CDU
Notação 087.5
Edição BNL
Língua por
930 ## -
-- BECRE
990 ## - Elementos KOHA
Tipo de documento Livro
995 ## - Localização e informação dos exemplares
-- 18
Exemplares
Situação do levantamento Estado Biblioteca de origem Biblioteca de empréstimo Código de barras Cota Permissão de empréstimo Tipo de documento
  Completo Biblioteca da Escola Básica e Secundária Dr Isidoro de Sousa Biblioteca da Escola Básica e Secundária Dr Isidoro de Sousa 1628EB1EV 087.5 SOL Disponível Livro




Powered by Koha